Patrones básicos
Na minha lista:
| Autor principal: | |
|---|---|
| Formato: | Livro |
| Idioma: | espanhol |
| Publicado em: |
Madrid
Alianza
1990
|
| Colecção: | Alianza Deporte. Serie Minor
|
| Assuntos: | |
| Tags: |
Adicionar Tag
Sem tags, seja o primeiro a adicionar uma tag!
|
MARC
| LEADER | 00000nam a2200000 a 4500 | ||
|---|---|---|---|
| 001 | UCW5776 | ||
| 003 | CL-VaPUC | ||
| 008 | 910808e19900000SP |||||||||||||||||spa|d | ||
| 082 | 0 | 4 | |a 155.412 |b WIC |2 21 |
| 100 | 0 | |a Wickstrom, Ralph L |e author |9 310784 | |
| 245 | 1 | 0 | |a Patrones básicos |
| 300 | |a 293 p | ||
| 942 | |c BK | ||
| 945 | |d 19910808 00:00:00 | ||
| 260 | |a Madrid |b Alianza |c 1990 | ||
| 650 | 0 | |a Aptitud motora |9 307353 | |
| 650 | 0 | |a Niños |9 255605 | |
| 650 | 0 | |a Educación física |9 240893 | |
| 650 | 0 | |a Desarrollo infantil |9 308064 | |
| 583 | |a last modification |c 20170913 12:03:57 |k Rodrigo Vera | ||
| 490 | 0 | |a Alianza Deporte. Serie Minor | |
| 999 | |c 219100 |d 219098 | ||
| 952 | |0 0 |1 0 |4 0 |6 155_412000000000000_WIC_1990 |7 0 |8 A |9 209624 |a BIBEDU |b BIBEDU |d 2019-11-15 |i 2775158 |o 155.412 WIC 1990 |p 2775158 |r 2019-11-15 |w 2019-11-15 |y BK |k EDU | ||